Families and family policies in Europe

Αποθηκεύτηκε σε:
Λεπτομέρειες βιβλιογραφικής εγγραφής
Κύριος συγγραφέας: Hantrais, Linda
Άλλοι συγγραφείς: Letablier, Marie-Therese
Μορφή: Βιβλίο
Γλώσσα:English
Δημοσίευση: London; New York : Longman, 1996
Θέματα:
Ετικέτες: Προσθήκη ετικέτας
Δεν υπάρχουν, Καταχωρήστε ετικέτα πρώτοι!

MARC

LEADER 00000nam a2200000 i 4500
001 1/69997
008 990223s1996 eng d
020 |a 0-582-24767-5 
035 |l 10047986 
040 |a GR-MY-UA  |b gre  |e aacr 
041 0 |a eng 
082 0 |a 306.85094 
100 1 |a Hantrais, Linda. 
245 1 0 |a Families and family policies in Europe /  |c Linda Hantrais; Marie-Therese Letablier 
260 |a London; New York :   |b Longman,   |c 1996 
300 |a 222 p.  |b fig. 
504 |a Includes bibliographical references and index 
650 0 0 |a Family  |z Europe. 
650 0 0 |a Family policy  |z Europe. 
700 1 |a Letablier, Marie-Therese. 
852 |a INST  |b LESVOS  |e 19990223  |h 306.85094 HAN  |p 005100017079  |q 005100017079  |t BK  |y 0 
909 |a Λ  |b 061340 
922 |a 1ΕΛΗ  |b 199811  |c ΚΠΣ/ΤΚ  |d ΠΑΠΑΣΩΤΗΡΙΟΥ 
950 |a  103-1998-07-27